000 02449cam a2200637Ia 4500
001 sjds1135173
003 sjds
005 20180403152130.0
008 110731t20122012maua j 000 1 spa d
020 _a9780547691145 (pbk.)
020 _a0547691149 (pbk.)
035 _a483402
035 _a(OCoLC)744294383
035 _a483402
040 _aBTCTA
_beng
_cBTCTA
_dBDX
_dCLE
_dIFA
_dUtOrBLW
041 1 _aeng
_aspa
_heng
049 _aIFAA
099 _f2012
100 1 _aRey, H. A.
_q(Hans Augusto),
_d1898-1977,
_eauthor.
245 1 0 _aJorge el curioso.
_pEl jonrón =
_bCurious George.
_pHome run /
_cadaptation by Erica Zappy ; translated by Carlos E. Calvo = adaptado por Erica Zappy ; traducido por Carlos E. Calvo.
246 3 1 _aCurious George.
_pHome run
246 3 0 _aHome run
246 3 1 _aJonrón
246 3 1 _aAdaptado por Erica Zappy
260 _aBoston :
_bHoughton Mifflin Harcourt Pub. Co.,
_cc2012
264 1 _aBoston :
_bHoughton Mifflin Harcourt Pub. Co.,
_c[2012]
264 4 _cc2012
300 _a22 pages :
_bcolor illustrations ;
_c24 cm.
336 _atext
_btxt
_2rdacontent
337 _aunmediated
_bn
_2rdamedia
338 _avolume
_bnc
_2rdacarrier
490 1 _aGreen Light Readers. Level 1 = Colección Luz Verde. Nivel 1
500 _a"A Spanish bilingual reader"--Cover.
500 _a"Curious about number order = Curioso por el orden del los números"--Cover.
500 _a"Based on the TV series written by Lazar Sario = Basado en el guión para televisón escrito por Lazar Sario."
521 1 _a5-7.
521 2 _a1-2.
521 8 _a460
_bLexile
526 0 _aAccelerated Reader
_bLG
_c2.1
_d0.5
_z150400
546 _aIn Spanish and English.
650 0 _aCurious George (Fictitious character)
_vJuvenile fiction.
650 0 _aMonkeys
_vJuvenile fiction.
650 0 _aCounting
_vJuvenile literature.
650 0 _aSpanish language materials
_xBilingual
_vJuvenile literature.
650 7 _aJorge el Curioso (Personaje literario)
_vNovela juvenil.
_2local
650 7 _aMonos
_vNovela juvenil.
_2bidex
650 7 _aContar (Enumerar)
_vLiteratura juvenil.
_2bidex
650 7 _aMateriales bilingües en español
_vLiteratura juvenil.
_2bidex
700 1 _aZappy, Erica.
700 1 _aSario, Lazar.
700 1 _aCalvo, Carlos E.
700 1 _aRey, Margret.
730 0 _aCurious George (Television program)
830 0 _aGreen Light reader.
_nLevel 1.
942 _cBK
999 _c19438
_d19438